| 000 | 01278nam0a22003251 4500 | ||
|---|---|---|---|
| 001 | rc\3441769 | ||
| 005 | 20250610004438.0 | ||
| 021 |
_aRU _b[73-34289] |
||
| 035 | _a(NLR Aleph) 007590807 | ||
| 090 |
_a5609352 _c5609352 |
||
| 100 | _a20130115g19721973|||y0rusy50 ca | ||
| 101 | 0 | _arus | |
| 102 | _aRU | ||
| 105 | _aa z ||||| | ||
| 200 | 1 |
_aГидротехника и мелиорация _eРежим орошения с.-х. культур сточными водами на дренированных почвах _fМ-во сел. хоз-ва СССР. Литов. с.-х. акад. |
|
| 210 |
_aКаунас _cБ. и. _d1972 [вып. дан. 1973] |
||
| 215 |
_a122 с., 2 л. ил. _cил. _d20 |
||
| 300 | _aПеред загл. авт.: А. Дирсе, И. Зиберкас, В. Зубе, А. Куста | ||
| 300 | _aНа обл.: только авт. и подзаг. | ||
| 320 | _aСписок лит.: с. 115-121 (130 назв.) | ||
| 606 |
_aОрошение сточными водами _yЛитССР _2psbo |
||
| 701 | 1 |
_aЗиберкас _bИ. |
|
| 701 | 1 |
_aЗубе _bВ. |
|
| 701 | 1 |
_aКуста _bА. |
|
| 701 | 1 |
_aДирсе _bА. |
|
| 801 | 0 |
_aRU _bNLR _gpsbo |
|
| 801 | 1 |
_aRU _bELAR _2rusmarc |
|
| 852 |
_aNLR _j73-3/2464 |
||
| 942 | _cBOOK | ||
| 980 | _aNB | ||